[Event "Portugal Open Semirrapidas"]
[Site "Lisboa POR"]
[Date "2020.02.02"]
[Round "8.11"]
[White "REGO, Pedro"]
[Black "SABUK, Piotr"]
[Result "0-1"]
[BlackElo "2398"]
[WhiteElo "2195"]
[LiveChessVersion "1.4.8"]

1. e4 {[%clk 0:15:05]} e5 {[%clk 0:15:05]} 2. Nf3 {[%clk 0:15:05]} Nc6
{[%clk 0:15:05]} 3. Bb5 {[%clk 0:15:05]} a6 {[%clk 0:15:05]} 4. Ba4
{[%clk 0:15:05]} Nf6 {[%clk 0:15:05]} 5. O-O {[%clk 0:15:05]} Be7
{[%clk 0:15:05]} 6. Bxc6 {[%clk 0:15:05]} dxc6 {[%clk 0:15:05]} 7. Re1
{[%clk 0:15:05]} Nd7 {[%clk 0:15:05]} 8. b3 {[%clk 0:15:05]} c5 {[%clk 0:14:48]}
9. Bb2 {[%clk 0:15:05]} f6 {[%clk 0:14:36]} 10. c3 {[%clk 0:15:05]} O-O
{[%clk 0:13:55]} 11. Qc2 {[%clk 0:14:47]} Bd6 {[%clk 0:13:27]} 12. d4
{[%clk 0:14:40]} Qe7 {[%clk 0:13:05]} 13. Nbd2 {[%clk 0:14:33]} b5
{[%clk 0:12:49]} 14. Nf1 {[%clk 0:13:24]} Bb7 {[%clk 0:12:18]} 15. Ng3
{[%clk 0:13:14]} g6 {[%clk 0:11:45]} 16. a4 {[%clk 0:12:54]} Nb6 {[%clk 0:11:35]}
17. a5 {[%clk 0:11:38]} Nd7 {[%clk 0:11:35]} 18. Rad1 {[%clk 0:11:28]} Rae8
{[%clk 0:11:27]} 19. d5 {[%clk 0:11:22]} c6 {[%clk 0:07:42]} 20. Nh4
{[%clk 0:08:15]} Bb8 {[%clk 0:04:59]} 21. c4 {[%clk 0:06:01]} cxd5
{[%clk 0:04:53]} 22. cxd5 {[%clk 0:05:51]} f5 {[%clk 0:04:25]} 23. Nf3
{[%clk 0:05:51]} f4 {[%clk 0:04:15]} 24. Ne2 {[%clk 0:05:14]} Bd6
{[%clk 0:04:15]} 25. Nc1 {[%clk 0:04:58]} g5 {[%clk 0:03:51]} 26. h3
{[%clk 0:03:35]} h5 {[%clk 0:03:48]} 27. Nh2 {[%clk 0:03:32]} Nf6
{[%clk 0:03:48]} 28. f3 {[%clk 0:03:29]} Bc8 {[%clk 0:03:44]} 29. Nd3
{[%clk 0:03:28]} Bd7 {[%clk 0:03:44]} 30. Rc1 {[%clk 0:03:24]} Rc8
{[%clk 0:03:39]} 31. Qf2 {[%clk 0:03:24]} c4 {[%clk 0:03:35]} 32. bxc4
{[%clk 0:02:38]} bxc4 {[%clk 0:03:35]} 33. Nxe5 {[%clk 0:01:29]} Bxe5
{[%clk 0:03:35]} 34. Bd4 {[%clk 0:01:28]} c3 {[%clk 0:03:22]} 35. Red1
{[%clk 0:01:22]} Ba4 {[%clk 0:02:54]} 36. Rd3 {[%clk 0:01:17]} c2
{[%clk 0:02:43]} 37. Rd2 {[%clk 0:01:17]} Qa3 {[%clk 0:02:02]} 38. Ra1
{[%clk 0:01:04]} Bxd4 {[%clk 0:01:34]} 39. Qxd4 {[%clk 0:01:04]} Qxa1+
{[%clk 0:01:31]} 40. Qxa1 {[%clk 0:01:04]} c1=Q+ {[%clk 0:01:31]} 0-1

[Event "Portugal Open Semirrapidas"]
[Site "Lisboa POR"]
[Date "2020.02.02"]
[Round "8.12"]
[White "FERREIRA, Luis Pedro"]
[Black "VEIGA, Francisco"]
[Result "0-1"]
[BlackElo "2370"]
[WhiteElo "2170"]
[LiveChessVersion "1.4.8"]

1. Nf3 {[%clk 0:15:07]} Nf6 {[%clk 0:15:01]} 2. g3 {[%clk 0:15:10]} g6
{[%clk 0:15:05]} 3. Bg2 {[%clk 0:15:14]} Bg7 {[%clk 0:15:09]} 4. O-O
{[%clk 0:15:17]} O-O {[%clk 0:15:12]} 5. c4 {[%clk 0:15:19]} c5 {[%clk 0:15:14]}
6. d4 {[%clk 0:15:22]} cxd4 {[%clk 0:15:14]} 7. Nxd4 {[%clk 0:15:25]} Nc6
{[%clk 0:15:18]} 8. Nc3 {[%clk 0:15:27]} Nxd4 {[%clk 0:15:18]} 9. Qxd4
{[%clk 0:15:30]} d6 {[%clk 0:15:20]} 10. Qd2 {[%clk 0:15:00]} Rb8
{[%clk 0:14:56]} 11. b3 {[%clk 0:14:59]} a6 {[%clk 0:15:00]} 12. Bb2
{[%clk 0:13:43]} b5 {[%clk 0:14:49]} 13. cxb5 {[%clk 0:13:40]} axb5
{[%clk 0:14:53]} 14. a4 {[%clk 0:13:19]} bxa4 {[%clk 0:14:25]} 15. bxa4
{[%clk 0:13:21]} Bb7 {[%clk 0:14:17]} 16. Bxb7 {[%clk 0:11:34]} Rxb7
{[%clk 0:14:19]} 17. Nb5 {[%clk 0:11:38]} Qa8 {[%clk 0:13:33]} 18. Qd3
{[%clk 0:11:32]} Nd7 {[%clk 0:13:19]} 19. Bxg7 {[%clk 0:10:45]} Kxg7
{[%clk 0:13:22]} 20. a5 {[%clk 0:10:28]} Ne5 {[%clk 0:12:28]} 21. Qb3
{[%clk 0:07:00]} Rfb8 {[%clk 0:12:23]} 22. Rfb1 {[%clk 0:07:04]} Qa6
{[%clk 0:11:59]} 23. Qc3 {[%clk 0:07:07]} Rxb5 {[%clk 0:11:46]} 24. Rxb5
{[%clk 0:07:10]} Rxb5 {[%clk 0:11:29]} 25. f4 {[%clk 0:07:09]} Rc5
{[%clk 0:10:47]} 26. Qb2 {[%clk 0:06:53]} Rb5 {[%clk 0:10:28]} 27. Qd4
{[%clk 0:05:22]} Rxa5 {[%clk 0:10:19]} 28. Rf1 {[%clk 0:03:27]} Qxe2
{[%clk 0:10:06]} 29. fxe5 {[%clk 0:03:27]} Ra2 {[%clk 0:08:46]} 30. exd6+
{[%clk 0:02:32]} f6 {[%clk 0:08:46]} 31. Rf2 {[%clk 0:01:54]} Qxf2+
{[%clk 0:08:45]} 32. Qxf2 {[%clk 0:01:57]} Rxf2 {[%clk 0:08:48]} 33. Kxf2
{[%clk 0:02:01]} exd6 {[%clk 0:08:51]} 34. Ke3 {[%clk 0:02:05]} Kf7
{[%clk 0:08:54]} 35. Kd4 {[%clk 0:02:09]} Ke6 {[%clk 0:08:58]} 36. g4
{[%clk 0:02:10]} f5 {[%clk 0:08:59]} 37. gxf5+ {[%clk 0:02:05]} gxf5
{[%clk 0:09:00]} 38. h4 {[%clk 0:02:05]} d5 {[%clk 0:09:02]} 39. h5
{[%clk 0:02:08]} f4 {[%clk 0:09:06]} 40. h6 {[%clk 0:02:10]} Kf5 {[%clk 0:09:06]}
41. Kd3 {[%clk 0:01:59]} Kg5 {[%clk 0:09:06]} 42. Kd4 0-1

[Event "Portugal Open Semirrapidas"]
[Site "Lisboa POR"]
[Date "2020.02.02"]
[Round "8.13"]
[White "BASHIRLI, Nail"]
[Black "FERNANDES, Antonio"]
[Result "1-0"]
[BlackElo "2358"]
[WhiteElo "2153"]
[LiveChessVersion "1.4.8"]

1. e4 {[%clk 0:15:08]} c5 {[%clk 0:15:10]} 2. Nf3 {[%clk 0:15:12]} d6
{[%clk 0:15:08]} 3. Nc3 {[%clk 0:15:15]} a6 {[%clk 0:15:08]} 4. d4
{[%clk 0:15:20]} cxd4 {[%clk 0:15:12]} 5. Nxd4 {[%clk 0:15:24]} Nf6
{[%clk 0:15:14]} 6. Bc4 {[%clk 0:15:28]} e6 {[%clk 0:14:58]} 7. Bb3
{[%clk 0:15:31]} Nc6 {[%clk 0:14:56]} 8. Be3 {[%clk 0:15:30]} Na5
{[%clk 0:14:41]} 9. f4 {[%clk 0:15:18]} Qc7 {[%clk 0:12:45]} 10. Qe2
{[%clk 0:14:58]} b5 {[%clk 0:11:22]} 11. O-O-O {[%clk 0:13:37]} Nxb3+
{[%clk 0:09:53]} 12. Nxb3 {[%clk 0:13:18]} b4 {[%clk 0:09:05]} 13. Na4
{[%clk 0:13:08]} Rb8 {[%clk 0:09:04]} 14. e5 {[%clk 0:12:20]} dxe5
{[%clk 0:08:26]} 15. fxe5 {[%clk 0:12:24]} Qxe5 {[%clk 0:07:47]} 16. Rd8+
{[%clk 0:11:45]} Kxd8 {[%clk 0:07:24]} 17. Bb6+ {[%clk 0:11:49]} Rxb6
{[%clk 0:07:06]} 18. Qxe5 {[%clk 0:11:52]} Rd6 {[%clk 0:02:10]} 19. Qa5+
{[%clk 0:11:49]} Ke8 {[%clk 0:02:08]} 20. Qc7 {[%clk 0:11:44]} Rd8
{[%clk 0:02:09]} 21. Nb6 {[%clk 0:11:41]} Bd6 {[%clk 0:01:58]} 22. Qc6+
{[%clk 0:11:40]} Ke7 {[%clk 0:01:59]} 23. Kb1 {[%clk 0:11:13]} Bd7
{[%clk 0:00:59]} 24. Qf3 {[%clk 0:11:12]} Bb5 {[%clk 0:00:28]} 25. Nd4
{[%clk 0:10:53]} Nd7 {[%clk 0:00:10]} 26. Nd5+ {[%clk 0:10:06]} Ke8
{[%clk 0:00:07]} 27. Re1 {[%clk 0:09:36]} Ne5 {[%clk 0:00:09]} 28. Qg3
{[%clk 0:09:26]} exd5 {[%clk 0:00:09]} 29. Rxe5+ {[%clk 0:08:47]} Kf8
{[%clk 0:00:07]} 30. Nf5 {[%clk 0:08:42]} g6 {[%clk 0:00:07]} 31. Qg5
{[%clk 0:08:14]} 1-0

[Event "Portugal Open Semirrapidas"]
[Site "Lisboa POR"]
[Date "2020.02.02"]
[Round "8.14"]
[White "SANTOS, Jose Guilherme"]
[Black "LEKIC, Dusan"]
[Result "1-0"]
[BlackElo "2357"]
[WhiteElo "2135"]
[LiveChessVersion "1.4.8"]

1. c4 {[%clk 0:15:07]} e5 {[%clk 0:15:09]} 2. Nc3 {[%clk 0:15:10]} Nf6
{[%clk 0:15:12]} 3. Nf3 {[%clk 0:15:14]} Nc6 {[%clk 0:15:16]} 4. e4
{[%clk 0:15:16]} Bc5 {[%clk 0:15:12]} 5. Nxe5 {[%clk 0:15:19]} Nxe5
{[%clk 0:14:43]} 6. d4 {[%clk 0:15:23]} Bb4 {[%clk 0:14:37]} 7. dxe5
{[%clk 0:15:26]} Nxe4 {[%clk 0:14:41]} 8. Qf3 {[%clk 0:15:29]} d5
{[%clk 0:13:54]} 9. exd6 {[%clk 0:15:15]} Nxc3 {[%clk 0:13:49]} 10. bxc3
{[%clk 0:15:10]} Bxd6 {[%clk 0:13:52]} 11. Bd3 {[%clk 0:14:37]} Qh4
{[%clk 0:13:16]} 12. Qe4+ {[%clk 0:11:58]} Qxe4+ {[%clk 0:12:48]} 13. Bxe4
{[%clk 0:12:01]} O-O {[%clk 0:12:18]} 14. O-O {[%clk 0:12:02]} Rb8
{[%clk 0:12:18]} 15. Be3 {[%clk 0:11:57]} b6 {[%clk 0:12:21]} 16. Bd5
{[%clk 0:11:31]} Ba6 {[%clk 0:11:55]} 17. a4 {[%clk 0:11:12]} c6 {[%clk 0:09:11]}
18. Bxc6 {[%clk 0:11:06]} Bxc4 {[%clk 0:09:14]} 19. Rfd1 {[%clk 0:11:00]} Rfd8
{[%clk 0:08:48]} 20. a5 {[%clk 0:08:41]} Bc7 {[%clk 0:07:36]} 21. axb6
{[%clk 0:08:19]} Bxb6 {[%clk 0:07:38]} 22. Bxb6 {[%clk 0:07:31]} axb6
{[%clk 0:07:41]} 23. f3 {[%clk 0:06:53]} Kf8 {[%clk 0:07:38]} 24. Be4
{[%clk 0:06:20]} h6 {[%clk 0:07:16]} 25. Kf2 {[%clk 0:06:22]} g5 {[%clk 0:07:07]}
26. Ke3 {[%clk 0:06:10]} Be6 {[%clk 0:06:52]} 27. Rab1 {[%clk 0:03:49]} Rxd1 28.
Rxd1 {[%clk 0:03:52]} Rc8 {[%clk 0:06:24]} 29. Rd3 {[%clk 0:03:14]} Ke7
{[%clk 0:06:03]} 30. Kd2 {[%clk 0:03:06]} Rc5 {[%clk 0:05:43]} 31. Kc2
{[%clk 0:02:20]} Ra5 {[%clk 0:05:39]} 32. Rd2 {[%clk 0:02:20]} f5
{[%clk 0:05:17]} 33. Bd3 {[%clk 0:02:00]} f4 {[%clk 0:05:08]} 34. Kd1
{[%clk 0:01:22]} Bb3+ {[%clk 0:04:39]} 35. Bc2 {[%clk 0:01:04]} Be6
{[%clk 0:03:32]} 36. Be4 {[%clk 0:00:26]} Ra1+ {[%clk 0:02:52]} 37. Ke2
{[%clk 0:00:29]} Bd7 {[%clk 0:02:25]} 38. Rb2 {[%clk 0:00:26]} b5
{[%clk 0:02:27]} 39. Bd3 {[%clk 0:00:29]} Ra5 {[%clk 0:02:30]} 40. c4
{[%clk 0:00:31]} bxc4 {[%clk 0:02:23]} 41. Bxc4 {[%clk 0:00:35]} Re5+
{[%clk 0:02:07]} 42. Kf2 {[%clk 0:00:34]} Bc6 {[%clk 0:02:00]} 43. Be2
{[%clk 0:00:10]} h5 {[%clk 0:01:58]} 44. g3 {[%clk 0:00:13]} Rf5 {[%clk 0:01:51]}
45. Rb6 {[%clk 0:00:11]} fxg3+ {[%clk 0:01:36]} 46. Kxg3 {[%clk 0:00:14]} h4+
{[%clk 0:01:29]} 47. Kf2 {[%clk 0:00:15]} g4 {[%clk 0:01:21]} 48. Rxc6
{[%clk 0:00:19]} 1-0

[Event "Portugal Open Semirrapidas"]
[Site "Lisboa POR"]
[Date "2020.02.02"]
[Round "8.15"]
[White "FERREIRA, Hugo"]
[Black "GOLUCH, Piotr"]
[Result "1-0"]
[BlackElo "2341"]
[WhiteElo "2126"]
[LiveChessVersion "1.4.8"]

1. d4 {[%clk 0:15:09]} Nf6 {[%clk 0:15:01]} 2. Nf3 {[%clk 0:15:13]} g6
{[%clk 0:15:04]} 3. Bg5 {[%clk 0:15:17]} Ne4 {[%clk 0:14:58]} 4. Bh4
{[%clk 0:14:59]} Bg7 {[%clk 0:14:55]} 5. Nbd2 {[%clk 0:15:01]} d5
{[%clk 0:14:57]} 6. e3 {[%clk 0:14:59]} c5 {[%clk 0:14:32]} 7. Nxe4
{[%clk 0:14:25]} dxe4 {[%clk 0:14:35]} 8. Ne5 {[%clk 0:14:29]} O-O
{[%clk 0:14:34]} 9. Bc4 {[%clk 0:14:01]} cxd4 {[%clk 0:14:22]} 10. exd4
{[%clk 0:13:51]} Nc6 {[%clk 0:13:55]} 11. Nxc6 {[%clk 0:13:27]} bxc6
{[%clk 0:13:59]} 12. c3 {[%clk 0:13:31]} Bf5 {[%clk 0:13:07]} 13. O-O
{[%clk 0:13:32]} Qd7 {[%clk 0:13:09]} 14. Re1 {[%clk 0:13:00]} Rab8
{[%clk 0:12:46]} 15. f3 {[%clk 0:12:44]} Rxb2 {[%clk 0:12:34]} 16. fxe4
{[%clk 0:12:47]} Be6 {[%clk 0:12:27]} 17. Be2 {[%clk 0:12:32]} Bxa2
{[%clk 0:11:52]} 18. Qa4 {[%clk 0:11:59]} Be6 {[%clk 0:10:58]} 19. Qxa7
{[%clk 0:12:00]} Rb7 {[%clk 0:10:41]} 20. Qc5 {[%clk 0:11:53]} h6
{[%clk 0:10:20]} 21. Ba6 {[%clk 0:11:26]} Rb3 {[%clk 0:09:46]} 22. Bf2
{[%clk 0:10:07]} Rfb8 {[%clk 0:09:41]} 23. c4 {[%clk 0:10:01]} Qd6
{[%clk 0:08:59]} 24. Qa7 {[%clk 0:09:27]} Rb2 {[%clk 0:07:18]} 25. d5
{[%clk 0:08:35]} Rxf2 {[%clk 0:06:59]} 26. Qxf2 {[%clk 0:08:38]} Bxa1
{[%clk 0:06:51]} 27. Rxa1 {[%clk 0:08:42]} Qe5 {[%clk 0:06:09]} 28. Rf1
{[%clk 0:07:56]} cxd5 {[%clk 0:04:07]} 29. cxd5 {[%clk 0:07:04]} Bxd5
{[%clk 0:04:09]} 30. exd5 {[%clk 0:06:58]} Qxd5 {[%clk 0:04:12]} 31. Be2
{[%clk 0:05:09]} Kg7 {[%clk 0:02:56]} 32. Qf4 {[%clk 0:04:23]} Rb6
{[%clk 0:02:45]} 33. Bf3 {[%clk 0:04:16]} Qc5+ {[%clk 0:02:47]} 34. Kh1
{[%clk 0:04:21]} Rf6 {[%clk 0:01:50]} 35. Qe4 {[%clk 0:03:51]} Re6
{[%clk 0:01:32]} 36. Qa4 {[%clk 0:03:55]} Rb6 {[%clk 0:00:52]} 37. Qa1+
{[%clk 0:03:39]} Rf6 {[%clk 0:00:53]} 38. Re1 {[%clk 0:03:38]} h5
{[%clk 0:00:31]} 39. Re5 {[%clk 0:03:05]} Qd6 {[%clk 0:00:34]} 40. Re4
{[%clk 0:03:00]} Kh7 {[%clk 0:00:29]} 41. Qe1 {[%clk 0:02:28]} e6
{[%clk 0:00:28]} 42. Qa1 {[%clk 0:01:18]} Rf4 {[%clk 0:00:29]} 43. Re1
{[%clk 0:01:17]} Rd4 {[%clk 0:00:26]} 44. Qa7 {[%clk 0:01:10]} Qd7
{[%clk 0:00:27]} 45. Qa1 {[%clk 0:00:54]} h4 {[%clk 0:00:24]} 46. h3
{[%clk 0:00:58]} Rd2 {[%clk 0:00:17]} 47. Qf6 {[%clk 0:00:57]} Rd4
{[%clk 0:00:17]} 48. Bg4 {[%clk 0:00:37]} Kg8 {[%clk 0:00:09]} 49. Qxh4
{[%clk 0:00:34]} Kg7 {[%clk 0:00:08]} 50. Qg3 {[%clk 0:00:23]} Qd6
{[%clk 0:00:12]} 51. Qc3 {[%clk 0:00:26]} e5 {[%clk 0:00:10]} 52. Bf3
{[%clk 0:00:22]} f5 {[%clk 0:00:11]} 53. Rb1 {[%clk 0:00:17]} Kh6
{[%clk 0:00:10]} 54. Qc8 {[%clk 0:00:09]} e4 {[%clk 0:00:08]} 55. Qh8+
{[%clk 0:00:07]} Kg5 {[%clk 0:00:12]} 56. Be2 {[%clk 0:00:10]} Kf4 1-0

[Event "Portugal Open Semirrapidas"]
[Site "Lisboa POR"]
[Date "2020.02.02"]
[Round "8.16"]
[White "BUTKIEWICZ, Lukasz"]
[Black "MARTINS, Bruno"]
[Result "1-0"]
[BlackElo "2235"]
[WhiteElo "2294"]
[LiveChessVersion "1.4.8"]

1. d4 {[%clk 0:15:09]} Nf6 {[%clk 0:15:08]} 2. c4 {[%clk 0:15:13]} g6
{[%clk 0:15:12]} 3. Nc3 {[%clk 0:15:17]} Bg7 {[%clk 0:15:16]} 4. e4
{[%clk 0:15:21]} d6 {[%clk 0:15:20]} 5. Nf3 {[%clk 0:15:25]} O-O {[%clk 0:15:24]}
6. h3 {[%clk 0:15:29]} e5 {[%clk 0:15:21]} 7. d5 {[%clk 0:15:33]} Na6
{[%clk 0:15:06]} 8. Be3 {[%clk 0:15:36]} Nc5 {[%clk 0:14:48]} 9. Nd2
{[%clk 0:15:39]} a5 {[%clk 0:14:47]} 10. g4 {[%clk 0:15:38]} Bd7 {[%clk 0:13:51]}
11. Be2 {[%clk 0:15:41]} c6 {[%clk 0:13:30]} 12. g5 {[%clk 0:15:10]} Ne8
{[%clk 0:13:33]} 13. h4 {[%clk 0:15:13]} f5 {[%clk 0:12:40]} 14. h5
{[%clk 0:14:54]} f4 {[%clk 0:10:53]} 15. Bxc5 {[%clk 0:14:58]} dxc5
{[%clk 0:10:56]} 16. Nf3 {[%clk 0:14:59]} Bg4 {[%clk 0:09:07]} 17. hxg6
{[%clk 0:14:46]} hxg6 {[%clk 0:09:10]} 18. Rg1 {[%clk 0:14:46]} Bh5
{[%clk 0:07:55]} 19. Qd3 {[%clk 0:14:14]} a4 {[%clk 0:06:29]} 20. Nh4
{[%clk 0:14:03]} Bxe2 {[%clk 0:06:26]} 21. Qxe2 {[%clk 0:14:02]} f3
{[%clk 0:05:07]} 22. Qe3 {[%clk 0:13:49]} Qd6 {[%clk 0:04:19]} 23. O-O-O
{[%clk 0:13:48]} Rf4 {[%clk 0:03:32]} 24. dxc6 {[%clk 0:13:45]} Qxc6
{[%clk 0:02:20]} 25. Nd5 {[%clk 0:13:45]} Rf7 {[%clk 0:02:23]} 26. Qd3
{[%clk 0:12:34]} a3 {[%clk 0:01:12]} 27. b3 {[%clk 0:12:37]} Qe6 {[%clk 0:01:06]}
28. Rg3 {[%clk 0:12:29]} Nd6 {[%clk 0:00:38]} 29. Nf6+ {[%clk 0:12:17]} Bxf6
{[%clk 0:00:38]} 30. Qxd6 {[%clk 0:12:17]} Qxd6 {[%clk 0:00:22]} 31. Rxd6
{[%clk 0:12:21]} Be7 {[%clk 0:00:15]} 32. Rxg6+ {[%clk 0:12:20]} Kf8
{[%clk 0:00:18]} 33. Nf5 {[%clk 0:12:18]} Rh7 {[%clk 0:00:09]} 34. Nh6
{[%clk 0:12:09]} Bxg5+ {[%clk 0:00:08]} 35. R3xg5 1-0

[Event "Portugal Open Semirrapidas"]
[Site "Lisboa POR"]
[Date "2020.02.02"]
[Round "8.17"]
[White "VAN DEN BERG, Imme"]
[Black "BABA, Masahiro"]
[Result "0-1"]
[BlackElo "2274"]
[WhiteElo "1936"]
[LiveChessVersion "1.4.8"]

1. d4 {[%clk 0:15:07]} Nf6 {[%clk 0:15:08]} 2. c4 {[%clk 0:15:07]} g6
{[%clk 0:15:10]} 3. Nf3 {[%clk 0:15:10]} Bg7 {[%clk 0:15:13]} 4. g3
{[%clk 0:15:13]} O-O {[%clk 0:15:12]} 5. Bg2 {[%clk 0:15:17]} d6 {[%clk 0:15:15]}
6. O-O {[%clk 0:15:16]} Nc6 {[%clk 0:15:18]} 7. d5 {[%clk 0:15:16]} Na5
{[%clk 0:14:58]} 8. Nfd2 {[%clk 0:15:11]} c5 {[%clk 0:14:39]} 9. Nc3
{[%clk 0:15:07]} a6 {[%clk 0:14:17]} 10. Qc2 {[%clk 0:15:04]} Rb8
{[%clk 0:14:14]} 11. b3 {[%clk 0:15:05]} b5 {[%clk 0:14:11]} 12. Bb2
{[%clk 0:14:49]} Bf5 {[%clk 0:13:44]} 13. e4 {[%clk 0:14:31]} Bd7
{[%clk 0:13:47]} 14. Rae1 {[%clk 0:13:36]} e5 {[%clk 0:11:42]} 15. dxe6
{[%clk 0:12:59]} Bxe6 {[%clk 0:11:29]} 16. Nd1 {[%clk 0:10:56]} bxc4
{[%clk 0:10:10]} 17. bxc4 {[%clk 0:10:57]} Nc6 {[%clk 0:09:52]} 18. Bc3
{[%clk 0:07:42]} Nd4 {[%clk 0:08:44]} 19. Qd3 {[%clk 0:06:19]} Nd7
{[%clk 0:08:20]} 20. f4 {[%clk 0:06:10]} Re8 {[%clk 0:06:30]} 21. Kh1
{[%clk 0:03:56]} h5 {[%clk 0:04:35]} 22. Ne3 {[%clk 0:03:51]} Qc7
{[%clk 0:03:21]} 23. f5 {[%clk 0:03:26]} Ne5 {[%clk 0:03:17]} 24. fxe6
{[%clk 0:03:10]} Nxd3 {[%clk 0:03:19]} 25. exf7+ {[%clk 0:03:12]} Kh7
{[%clk 0:03:06]} 26. fxe8=Q {[%clk 0:02:57]} Rxe8 {[%clk 0:03:09]} 27. Nd5
{[%clk 0:02:38]} Qd8 {[%clk 0:03:01]} 28. Re3 {[%clk 0:02:27]} Ne5
{[%clk 0:02:53]} 29. Nf3 {[%clk 0:01:31]} Nxc4 {[%clk 0:02:32]} 30. Rd3
{[%clk 0:00:59]} Nxf3 {[%clk 0:01:39]} 31. Rdxf3 {[%clk 0:00:33]} Bxc3
{[%clk 0:01:03]} 32. Rxc3 {[%clk 0:00:32]} Nd2 {[%clk 0:00:50]} 33. Nf6+
{[%clk 0:00:21]} Kh6 {[%clk 0:00:50]} 34. Nxe8 {[%clk 0:00:14]} Nxf1
{[%clk 0:00:52]} 35. Bxf1 Qxe8 36. Bg2 Qe5 37. Rc1 0-1

[Event "Portugal Open Semirrapidas"]
[Site "Lisboa POR"]
[Date "2020.02.02"]
[Round "8.18"]
[White "EGGERT, Alberto"]
[Black "SARKAR, Justin"]
[Result "0-1"]
[BlackElo "2240"]
[WhiteElo "2092"]
[LiveChessVersion "1.4.8"]

1. d4 {[%clk 0:15:09]} Nf6 {[%clk 0:14:22]} 2. Nf3 {[%clk 0:15:11]} d5
{[%clk 0:14:15]} 3. c4 {[%clk 0:15:14]} dxc4 {[%clk 0:13:47]} 4. a4
{[%clk 0:15:18]} c5 {[%clk 0:11:10]} 5. e3 {[%clk 0:15:21]} cxd4 {[%clk 0:09:24]}
6. exd4 {[%clk 0:15:24]} Be6 {[%clk 0:09:10]} 7. Na3 {[%clk 0:14:42]} Nc6
{[%clk 0:09:06]} 8. Nxc4 {[%clk 0:14:42]} Bd5 {[%clk 0:08:48]} 9. Nfe5
{[%clk 0:14:29]} e6 {[%clk 0:08:41]} 10. Be3 {[%clk 0:14:05]} Bb4+
{[%clk 0:08:20]} 11. Nd2 {[%clk 0:12:07]} O-O {[%clk 0:08:02]} 12. Bd3
{[%clk 0:11:35]} Bxg2 {[%clk 0:08:02]} 13. Rg1 {[%clk 0:11:39]} Nxe5
{[%clk 0:06:31]} 14. dxe5 {[%clk 0:11:42]} Qxd3 {[%clk 0:06:24]} 15. exf6
{[%clk 0:11:01]} Bf3 {[%clk 0:06:08]} 16. Rxg7+ {[%clk 0:10:35]} Kh8
{[%clk 0:06:11]} 17. Ra3 {[%clk 0:08:09]} Qf5 {[%clk 0:05:22]} 18. Qa1
{[%clk 0:03:17]} Rac8 {[%clk 0:05:10]} 19. Rb3 {[%clk 0:03:02]} Qc2
{[%clk 0:05:05]} 20. Rc3 {[%clk 0:02:26]} Rxc3 {[%clk 0:04:57]} 0-1

[Event "Portugal Open Semirrapidas"]
[Site "Lisboa POR"]
[Date "2020.02.02"]
[Round "8.19"]
[White "ROCHA, Sergio"]
[Black "FIDALGO, Daniel Neves"]
[Result "1-0"]
[BlackElo "2109"]
[WhiteElo "2226"]
[LiveChessVersion "1.4.8"]

1. d4 {[%clk 0:15:10]} Nf6 {[%clk 0:15:06]} 2. c4 {[%clk 0:15:14]} g6
{[%clk 0:15:10]} 3. Nc3 {[%clk 0:15:18]} d5 {[%clk 0:15:14]} 4. cxd5
{[%clk 0:15:22]} Nxd5 {[%clk 0:15:18]} 5. e4 {[%clk 0:15:26]} Nxc3 6. bxc3
{[%clk 0:15:30]} Bg7 {[%clk 0:15:26]} 7. Be3 {[%clk 0:15:34]} c5 {[%clk 0:15:28]}
8. Nf3 {[%clk 0:15:38]} O-O {[%clk 0:15:25]} 9. Qd2 {[%clk 0:15:42]} Qa5
{[%clk 0:15:20]} 10. Rb1 {[%clk 0:15:46]} a6 {[%clk 0:15:23]} 11. Be2
{[%clk 0:15:40]} Rd8 {[%clk 0:15:27]} 12. h3 {[%clk 0:15:36]} Nc6
{[%clk 0:15:11]} 13. Rd1 {[%clk 0:15:02]} b5 {[%clk 0:12:43]} 14. O-O
{[%clk 0:15:03]} Bb7 {[%clk 0:12:39]} 15. Qc1 {[%clk 0:14:23]} cxd4
{[%clk 0:12:32]} 16. cxd4 {[%clk 0:14:27]} Rac8 {[%clk 0:12:24]} 17. Qb1
{[%clk 0:14:30]} Qa4 {[%clk 0:12:19]} 18. d5 {[%clk 0:13:52]} Nb4
{[%clk 0:10:59]} 19. Rd2 {[%clk 0:13:21]} Bc3 {[%clk 0:10:34]} 20. Bd1
{[%clk 0:13:10]} Qa3 {[%clk 0:10:21]} 21. Re2 {[%clk 0:13:13]} f5
{[%clk 0:09:33]} 22. exf5 {[%clk 0:13:15]} Bxd5 {[%clk 0:08:57]} 23. fxg6
{[%clk 0:13:19]} h5 {[%clk 0:08:11]} 24. Bb3 {[%clk 0:13:08]} Bxb3
{[%clk 0:08:05]} 25. axb3 {[%clk 0:13:11]} Nd5 {[%clk 0:07:42]} 26. Qf5
{[%clk 0:13:02]} Bg7 {[%clk 0:07:17]} 27. Qf7+ {[%clk 0:12:18]} Kh8
{[%clk 0:07:21]} 28. Bh6 {[%clk 0:12:13]} Rg8 {[%clk 0:07:14]} 29. Bxg7+
{[%clk 0:12:15]} Rxg7 {[%clk 0:07:18]} 30. Qxd5 {[%clk 0:12:18]} Rxg6
{[%clk 0:06:58]} 31. Qxh5+ {[%clk 0:12:16]} Kg7 {[%clk 0:07:01]} 32. Rfe1
{[%clk 0:12:07]} Re8 {[%clk 0:05:29]} 33. Nh4 {[%clk 0:11:53]} Rxg2+
{[%clk 0:04:51]} 34. Nxg2 {[%clk 0:11:47]} Kf8 {[%clk 0:04:48]} 35. Qf5+
{[%clk 0:11:42]} Kg8 {[%clk 0:04:48]} 36. Re4 {[%clk 0:11:45]} Qd6
{[%clk 0:04:40]} 37. Rg4+ {[%clk 0:11:46]} 1-0

[Event "Portugal Open Semirrapidas"]
[Site "Lisboa POR"]
[Date "2020.02.02"]
[Round "8.20"]
[White "FERNANDES, Ricardo Paulos"]
[Black "VASLI, Aref"]
[Result "0-1"]
[BlackElo "2202"]
[WhiteElo "2011"]
[LiveChessVersion "1.4.8"]

1. b3 {[%clk 0:15:08]} Nf6 {[%clk 0:14:28]} 2. Bb2 {[%clk 0:15:11]} c5
{[%clk 0:14:31]} 3. e3 {[%clk 0:15:15]} Nc6 {[%clk 0:14:34]} 4. Nf3
{[%clk 0:15:19]} e6 {[%clk 0:14:34]} 5. Bb5 {[%clk 0:15:22]} Qc7 {[%clk 0:14:37]}
6. O-O {[%clk 0:15:25]} Be7 {[%clk 0:14:38]} 7. d3 {[%clk 0:15:28]} O-O
{[%clk 0:14:24]} 8. Nbd2 {[%clk 0:15:32]} Nb8 {[%clk 0:14:28]} 9. d4
{[%clk 0:15:32]} a6 {[%clk 0:14:31]} 10. Bd3 {[%clk 0:15:31]} d5 {[%clk 0:14:33]}
11. c4 {[%clk 0:15:25]} dxc4 {[%clk 0:14:29]} 12. bxc4 {[%clk 0:15:28]} Nc6
{[%clk 0:14:30]} 13. a3 {[%clk 0:15:30]} Rd8 {[%clk 0:14:27]} 14. Qc2
{[%clk 0:15:34]} h6 {[%clk 0:14:19]} 15. Rfd1 {[%clk 0:15:35]} Na5
{[%clk 0:14:14]} 16. Rac1 {[%clk 0:15:36]} Bd7 {[%clk 0:13:48]} 17. Ne5
{[%clk 0:15:39]} Be8 {[%clk 0:13:52]} 18. Ndf3 {[%clk 0:15:42]} Rac8
{[%clk 0:13:52]} 19. Rd2 {[%clk 0:12:24]} Nd7 {[%clk 0:13:18]} 20. Ng4
{[%clk 0:08:12]} b5 {[%clk 0:11:19]} 21. cxb5 {[%clk 0:07:57]} c4
{[%clk 0:11:13]} 22. bxa6 {[%clk 0:07:52]} Nb3 {[%clk 0:10:59]} 23. Qxb3
{[%clk 0:03:10]} cxb3 {[%clk 0:10:59]} 24. Rxc7 {[%clk 0:03:14]} Rxc7
{[%clk 0:11:03]} 25. Nge5 {[%clk 0:02:12]} Nb6 {[%clk 0:10:48]} 26. Kf1
{[%clk 0:01:54]} Na4 {[%clk 0:10:20]} 27. Bc4 {[%clk 0:01:28]} Rxc4
{[%clk 0:10:12]} 28. Nxc4 {[%clk 0:01:31]} Bb5 {[%clk 0:10:16]} 29. Ke1
{[%clk 0:01:28]} Bxc4 {[%clk 0:10:19]} 30. Ne5 {[%clk 0:01:32]} Bxa6
{[%clk 0:10:08]} 31. Nc6 {[%clk 0:01:37]} Rd7 {[%clk 0:10:09]} 32. d5
{[%clk 0:01:38]} exd5 {[%clk 0:10:09]} 33. Rxd5 {[%clk 0:01:42]} Rxd5
{[%clk 0:10:13]} 34. Nxe7+ {[%clk 0:01:46]} Kf8 {[%clk 0:10:17]} 35. Nxd5
{[%clk 0:01:50]} Nxb2 {[%clk 0:10:21]} 36. Kd2 {[%clk 0:01:18]} Nc4+
{[%clk 0:10:17]} 37. Kc1 {[%clk 0:01:21]} Bb7 {[%clk 0:09:56]} 38. Nf4
{[%clk 0:01:13]} b2+ {[%clk 0:09:57]} 0-1